01450 2200385 4500001002100000005001500021035002000036007000300056008004100059020002200100082001600122084001800138100003600156245030500192300004100497650001300538700003400551700002900585700003800614700003100652700003800683700003600721700004200757700003500799700003000834264002600864336002100890337003000911338002300941040002200964090002200986850001201008999002201020990002201042INLIS00000000086049920210602112806 a0010-0621000034ta210602s2020 yoia g ind d a978-623-7550-59-404223a616.019 a616.019 FAU d0 aFauzie Rahmand1986-ePengarang10aDesa tahan (tangguh hadapi corona) :bsebagai upaya memutus rantai penularan corona dan menghadai adaptasi kebiasaan baru /cFauzie Rahman, Iwan Aflanie, Istiana, Vina Yulia Anhar, Nur Laily, Anggun Wulandari, Ayu Riana Sari, Agus Muhammad Ridwan, Lia Anggraini, Hadianor, Muhammad Azmiyannoor, Riana a40 halaman :bfoto berwarna ;c20 cm 4aCovid-190 aIwan Aflanied1973ePengarang0 aIstianad1976ePengarang0 aVina Yulia Anhard1993ePengarang0 aNur Lailyd1993ePengarang0 aAnggun Wulandarid1994ePengarang0 aAyu Riana Sarid1989ePengarang0 aAgus Muhammad Ridwand1998ePengarang0 aLia Anggrainid1996ePengarang0 aHadianord1995ePengarang31aBantul :bMine,c2020 2rdacontentateks 2rdamediaatanpa perantara 2rdacarrieravolume aYOPDYOGbinderda aCB-D.11 2020-2443 aYOPDYOG aCB-D.11/2020-2443 aCB-D.11/2020-2443